Ekologie a ekonomie: optimizmus není namístě.

Ciele ekologickej politiky ČR a jej vzťah k hospodárskej politike. Regulačná funkcia štátu v oblasti životného prostredia. Uskutočnené a žiaduce zmeny. Porovnanie s ekologickou politikou vyspelých európskych krajín. Hodnotenie účinnosti prevencie a výhľady na dosiahnutie úspechu v budúcnosti.

Na minha lista:
Detalhes bibliográficos
Autor principal: Tošovská, Eva
Formato: Capítulo de Livro
Idioma:tcheco
Assuntos:
Tags: Adicionar Tag
Sem tags, seja o primeiro a adicionar uma tag!

MARC

LEADER 00000naa a2200000 4500
001 r013147
005 20220509145547.9
041 0 |a cze 
044 |a CZ 
245 1 0 |a Ekologie a ekonomie: optimizmus není namístě.  |c Eva Tošovská 
520 |a Ciele ekologickej politiky ČR a jej vzťah k hospodárskej politike. Regulačná funkcia štátu v oblasti životného prostredia. Uskutočnené a žiaduce zmeny. Porovnanie s ekologickou politikou vyspelých európskych krajín. Hodnotenie účinnosti prevencie a výhľady na dosiahnutie úspechu v budúcnosti. 
610 2 0 |a ekológia 
610 2 0 |a ochrana prostredia životného 
610 2 0 |a Čechy 
610 2 0 |a politika hospodárska 
610 2 0 |a prostredie životné 
610 2 0 |a západná Európa 
610 2 0 |a regulácia 
100 1 |a Tošovská, Eva